[Event "40th Olympiad Open"]
[Site "Istanbul TUR"]
[Date "2012.09.03"]
[Round "6.24"]
[Board "1"]
[White "Firat, Burak"]
[Black "Zhang, Zhong"]
[Result "0-1"]
[WhiteTitle "IM"]
[BlackTitle "GM"]
[WhiteElo "2423"]
[BlackElo "2595"]
[WhiteTeam "Turkey 2016"]
[BlackTeam "Singapore"]
[WhiteFideId "6305881"]
[BlackFideId "8600694"]
[EventDate "2012.08.28"]

1. e4 e6 2. d4 d5 3. Nc3 Nf6 4. e5 Nfd7 5. f4 c5 6. Nf3 Nc6 7. Be3 Be7 8. Qd2
O-O 9. Be2 b6 10. O-O f5 11. Nd1 cxd4 12. Nxd4 Nxd4 13. Bxd4 Nc5 14. Ne3 Ne4 15.
Qe1 g5 16. Rd1 gxf4 17. Rxf4 Bg5 18. Rf1 Qc7 19. Bd3 Bb7 20. Qe2 Rad8 21. Qh5
Qg7 22. Rf3 Qg6 23. Qxg6+ hxg6 24. Rff1 Kg7 25. a4 Rh8 26. Rfe1 Rh4 27. c3 Nc5
28. Bc2 Rdh8 29. h3 Rc8 30. Ra1 a5 31. Nf1 Ba6 32. Nh2 Rxd4 33. cxd4 Ne4 34.
Bxe4 dxe4 35. Nf1 Rc2 36. Rab1 Rc4 37. Red1 Bb7 38. h4 Bh6 39. Nd2 Rxa4 40. Rbc1
Be3+ 41. Kh2 Bd5 42. Rc7+ Kh6 43. g4 fxg4 44. Nf1 Bf4+ 45. Kg1 e3 46. Re1 Rxd4
47. Nxe3 Bf3 48. Nc4 g3 0-1

[Event "40th Olympiad Open"]
[Site "Istanbul TUR"]
[Date "2012.09.03"]
[Round "6.24"]
[Board "2"]
[White "Li, Ruofan"]
[Black "Ali Marandi, Cemil Can"]
[Result "0-1"]
[WhiteTitle "IM"]
[BlackTitle "FM"]
[WhiteElo "2419"]
[BlackElo "2362"]
[WhiteTeam "Singapore"]
[BlackTeam "Turkey 2016"]
[WhiteFideId "8600643"]
[BlackFideId "6300529"]
[EventDate "2012.08.28"]

1. d4 d5 2. c4 c6 3. Nf3 Nf6 4. e3 e6 5. Nbd2 Nbd7 6. Bd3 Bd6 7. O-O O-O 8. e4
e5 9. cxd5 cxd5 10. exd5 exd4 11. Ne4 Nxe4 12. Bxe4 Nf6 13. Qxd4 Nxe4 14. Qxe4
Re8 15. Qd4 Bf5 16. Bg5 f6 17. Bh4 Re4 18. Qd3 Bg6 19. Bg3 Bxg3 20. hxg3 Re7 21.
Qd2 Rd7 22. Rad1 Rd6 23. Nh4 Bf7 24. Nf5 Rxd5 25. Qe2 Kh8 26. Qg4 Qf8 27. Rxd5
Bxd5 28. a3 Re8 29. Qd4 Be6 30. g4 a6 31. Rc1 Rc8 32. Rxc8 Qxc8 33. Nd6 Qc1+ 34.
Kh2 Qc7 35. f3 h6 36. Kg1 Qc1+ 37. Kf2 Qc2+ 38. Kg3 Qc7 39. b4 b6 40. Qd2 Kg8
41. Kf2 Qc6 42. Qd3 a5 43. Kg3 axb4 44. axb4 Qc7 45. Kf2 Qc6 46. Ne4 f5 47. gxf5
Bxf5 48. Qd8+ Kh7 49. Nd6 Bg6 50. Kg3 Qc3 51. Qxb6 Qe5+ 52. Kf2 Qb2+ 53. Kg1
Qc1+ 54. Kh2 Qf4+ 55. Kg1 Qc1+ 56. Kh2 Qf4+ 57. Kh3 h5 58. Qd8 Qxb4 59. Qe7 Qf4
60. Qd8 Qe5 61. g4 Qf4 62. Kg2 Qd2+ 63. Kg3 Qe1+ 64. Kg2 h4 65. Nf5 Bxf5 66.
gxf5 Qg3+ 67. Kf1 h3 68. Qd2 Qxf3+ 69. Kg1 Qxf5 70. Kh2 Qf3 71. Qc2+ Kh6 72.
Qd2+ Kh5 73. Qa5+ g5 74. Qa2 Qg2+ 75. Qxg2 hxg2 76. Kg1 Kh4 77. Kh2 g1=Q+ 78.
Kxg1 Kg3 79. Kh1 g4 80. Kg1 Kh3 0-1

[Event "40th Olympiad Open"]
[Site "Istanbul TUR"]
[Date "2012.09.03"]
[Round "6.24"]
[Board "3"]
[White "Sanal, Vahap"]
[Black "Shanmugam, Ravindran"]
[Result "1-0"]
[WhiteTitle "FM"]
[BlackTitle "IM"]
[WhiteElo "2387"]
[BlackElo "2406"]
[WhiteTeam "Turkey 2016"]
[BlackTeam "Singapore"]
[WhiteFideId "6300545"]
[BlackFideId "5801770"]
[EventDate "2012.08.28"]

1. e4 e5 2. Nf3 Nc6 3. Bb5 a6 4. Ba4 Nf6 5. O-O Nxe4 6. d4 b5 7. Bb3 d5 8. dxe5
Be6 9. Be3 Be7 10. c3 Nc5 11. Bc2 Nd7 12. Nd4 Ncxe5 13. f4 Nc4 14. Re1 Nb8 15.
Nxe6 fxe6 16. Bd4 Kf8 17. Rxe6 Nd7 18. b3 Ncb6 19. Nd2 Bf6 20. Nf3 Bxd4+ 21.
Nxd4 Qb8 22. Nc6 Qb7 23. Qd4 Nc8 24. Qxd5 Nd6 25. Rxd6 cxd6 26. Qxd6+ Kf7 27.
Qe7+ Kg8 28. b4 h6 29. Bb3+ Kh7 30. Qe4+ 1-0

[Event "40th Olympiad Open"]
[Site "Istanbul TUR"]
[Date "2012.09.03"]
[Round "6.24"]
[Board "4"]
[White "Fernandez, Daniel Howard"]
[Black "Dastan, Muhammed Batuhan"]
[Result "0-1"]
[WhiteTitle "IM"]
[BlackTitle "FM"]
[WhiteElo "2370"]
[BlackElo "2317"]
[WhiteTeam "Singapore"]
[BlackTeam "Turkey 2016"]
[WhiteFideId "5801605"]
[BlackFideId "6300014"]
[EventDate "2012.08.28"]

1. e4 c5 2. Nf3 d6 3. Nc3 Nf6 4. d4 cxd4 5. Nxd4 a6 6. Be3 Ng4 7. Bg5 h6 8. Bh4
g5 9. Bg3 Bg7 10. Qd2 Nc6 11. Nb3 b5 12. h4 gxh4 13. Bxh4 Nge5 14. f3 Nc4 15.
Bxc4 bxc4 16. Nc1 Rb8 17. Rb1 Qa5 18. N1e2 Rg8 19. Bf2 h5 20. Kf1 Be6 21. Be3
Bf6 22. Nd5 Bxd5 23. Qxa5 Nxa5 24. exd5 c3 25. b3 Nc4 26. Bf4 h4 27. Kf2 Na3 28.
Rbc1 Kd7 29. Be3 Rb4 30. Rhd1 Rc8 31. Bd4 Bxd4+ 32. Nxd4 Rc5 33. Ne2 Rbb5 34.
Nf4 a5 35. Rd3 a4 36. Rd4 axb3 37. axb3 Rb7 38. Ra4 Nb5 39. Re1 Ra7 40. Rxa7+
Nxa7 41. Ra1 Nb5 42. Ke3 e5 43. dxe6+ fxe6 44. Ra4 Rg5 45. Kf2 Rf5 46. Nd3 Rd5
47. Ke3 Rg5 48. Rg4 Rxg4 49. fxg4 e5 50. Ne1 Ke6 51. Nf3 d5 52. Nxh4 d4+ 53. Ke2
e4 54. Nf5 Ke5 55. g3 Na3 56. Kd1 e3 57. Nh4 Ke4 58. g5 e2+ 59. Kxe2 Nxc2 60. g6
d3+ 61. Kf2 d2 62. g7 d1=Q 63. g8=Q Qe1+ 64. Kg2 Ne3+ 65. Kh2 Nf1+ 66. Kh1 Ne3+
67. Kh2 Qe2+ 68. Kh1 Qf1+ 69. Kh2 Qe2+ 70. Kh1 c2 71. Qe6+ Kd3 72. Qd6+ Kc3 73.
Qf6+ Kb4 74. Qd6+ Kxb3 75. Qb6+ Ka2 76. Qa5+ Kb3 77. Qb6+ Ka2 78. Qa5+ Kb1 79.
Qb4+ Kc1 80. Qa3+ Kd1 81. Qb3 Qf1+ 82. Kh2 Ng4# 0-1

[Event "40th Olympiad Open"]
[Site "Istanbul TUR"]
[Date "2012.09.03"]
[Round "6.25"]
[Board "1"]
[White "Ivanisevic, Ivan"]
[Black "Oatlhotse, Providence"]
[Result "1-0"]
[WhiteTitle "GM"]
[BlackTitle "CM"]
[WhiteElo "2645"]
[BlackElo "2267"]
[WhiteTeam "Serbia"]
[BlackTeam "Botswana"]
[WhiteFideId "912417"]
[BlackFideId "11300507"]
[EventDate "2012.08.28"]

1. e4 c5 2. Nc3 d6 3. f4 Nc6 4. Nf3 g6 5. Bc4 Bg7 6. O-O Nf6 7. d3 Bg4 8. h3
Bxf3 9. Qxf3 O-O 10. Kh1 e6 11. a4 d5 12. Ba2 Nb4 13. Bb1 a6 14. Qf2 d4 15. Nd1
b5 16. Bd2 Qd7 17. Qf3 bxa4 18. Nf2 Rab8 19. e5 Nfd5 20. Ne4 Rfc8 21. c3 Nc6 22.
Nxc5 Qe7 23. Nxa4 Nb6 24. Bc2 Nxa4 25. Bxa4 Rxb2 26. Bxc6 Rxd2 27. cxd4 Qb4 28.
d5 Qc3 29. Rac1 Qxd3 30. dxe6 Qxf3 31. Bxf3 Rxc1 32. Rxc1 fxe6 33. Bg4 g5 34.
Bxe6+ Kf8 35. Rc7 Bh6 36. Rf7+ Ke8 37. Rxh7 Bf8 38. fxg5 Re2 39. g6 Re1+ 40. Kh2
Rxe5 41. Bd7+ Kd8 42. g7 Bd6 43. g8=Q+ Re8+ 44. Qg3 Bxg3+ 45. Kxg3 Rg8+ 46. Bg4
Rg6 47. h4 1-0

[Event "40th Olympiad Open"]
[Site "Istanbul TUR"]
[Date "2012.09.03"]
[Round "6.25"]
[Board "2"]
[White "Boikanyo, Cinky"]
[Black "Markus, Robert"]
[Result "0-1"]
[BlackTitle "GM"]
[WhiteElo "2037"]
[BlackElo "2599"]
[WhiteTeam "Botswana"]
[BlackTeam "Serbia"]
[WhiteFideId "11300531"]
[BlackFideId "921637"]
[EventDate "2012.08.28"]

1. Nf3 Nf6 2. c4 g6 3. b4 Bg7 4. Bb2 O-O 5. g3 d6 6. Bg2 e5 7. d3 c6 8. O-O Re8
9. e4 Nbd7 10. a4 a5 11. b5 Nc5 12. Qc2 Nfd7 13. Nc3 Nf8 14. Nd2 Nfe6 15. Ne2
Qc7 16. Bc3 f5 17. Nb3 Nxb3 18. Qxb3 Nc5 19. Qc2 Be6 20. exf5 Bxf5 21. Nc1 e4
22. dxe4 Nxe4 23. Bxg7 Qxg7 24. Qa2 Qd4 25. Ne2 Qc5 26. Nf4 Re7 27. Rac1 Rae8
28. Qb2 Qb4 29. Qxb4 axb4 30. g4 Bd7 31. h3 Nc3 32. Kh2 Nxa4 33. bxc6 bxc6 34.
Ra1 Nc3 35. Ra6 c5 36. Rxd6 Be6 37. Nd5 Bxd5 38. cxd5 Re1 39. Rc6 Rxf1 40. Bxf1
Rf8 41. Kg2 b3 42. Rb6 Ne4 43. Bd3 Nd2 44. Rc6 b2 45. Rb6 Rf3 46. Bb1 Rb3 47.
Rxb3 Nxb3 48. f4 Nd2 49. Bc2 b1=Q 50. Bxb1 Nxb1 51. Kf3 Nd2+ 52. Ke2 Ne4 53. Kf3
Nd6 54. h4 h5 0-1

[Event "40th Olympiad Open"]
[Site "Istanbul TUR"]
[Date "2012.09.03"]
[Round "6.25"]
[Board "3"]
[White "Perunovic, Milos"]
[Black "Khetho, Phemelo"]
[Result "1-0"]
[WhiteTitle "GM"]
[BlackTitle "FM"]
[WhiteElo "2614"]
[BlackElo "2133"]
[WhiteTeam "Serbia"]
[BlackTeam "Botswana"]
[WhiteFideId "921629"]
[BlackFideId "11300280"]
[EventDate "2012.08.28"]

1. e4 e5 2. Nf3 d6 3. d4 exd4 4. Nxd4 Nf6 5. Nc3 Be7 6. g3 O-O 7. Bg2 c6 8. O-O
Na6 9. h3 Re8 10. Nde2 Bf8 11. g4 d5 12. exd5 Nxd5 13. Nxd5 cxd5 14. Be3 Nc7 15.
Nf4 Be6 16. Qd2 Qd6 17. Rad1 Rad8 18. Qa5 Qc6 19. c4 b6 20. Qxa7 Bc5 21. Bxc5
Qxc5 22. Nd3 Qxc4 23. Ne5 Qf4 24. Rfe1 Na8 25. Nc6 Rd7 26. Rxe6 1-0

[Event "40th Olympiad Open"]
[Site "Istanbul TUR"]
[Date "2012.09.03"]
[Round "6.26"]
[Board "1"]
[White "Cori, Jorge"]
[Black "Lupulescu, Constantin"]
[Result "0-1"]
[WhiteTitle "GM"]
[BlackTitle "GM"]
[WhiteElo "2487"]
[BlackElo "2614"]
[WhiteTeam "Peru"]
[BlackTeam "Romania"]
[WhiteFideId "3802272"]
[BlackFideId "1207822"]
[EventDate "2012.08.28"]

1. d4 Nf6 2. c4 e6 3. g3 c5 4. d5 exd5 5. cxd5 d6 6. Nc3 g6 7. Bg2 Bg7 8. Nf3
O-O 9. O-O Re8 10. Bf4 Ne4 11. Nxe4 Rxe4 12. Nd2 Rxf4 13. gxf4 Bxb2 14. Rb1 Bg7
15. Nc4 Na6 16. e4 Rb8 17. a4 Nb4 18. Re1 b6 19. e5 dxe5 20. Nxe5 Bf5 21. Rxb4
Bxe5 22. fxe5 cxb4 23. Qd4 a5 24. Qe3 Rc8 25. e6 fxe6 26. dxe6 Qd6 27. e7 Re8
28. h4 Kg7 29. Bf3 h5 30. Kg2 Bc2 31. Qg5 b3 32. Qe3 Qf6 33. Qe2 Qxh4 34. Bc6
Rxe7 35. Qxe7+ Qxe7 36. Rxe7+ Kf6 37. Rb7 b2 38. Rxb6 b1=Q 39. Rxb1 Bxb1 40. f4
Bf5 41. Kg3 g5 42. fxg5+ Kxg5 43. Kf3 h4 44. Bb5 Be6 45. Bc6 Bc8 46. Bb5 Bb7+
47. Kf2 Kf4 48. Bd7 Bd5 49. Ke2 Ke4 50. Kd2 Kd4 51. Kc2 Kc4 52. Kb2 Kb4 53. Kc2
Bb3+ 0-1

[Event "40th Olympiad Open"]
[Site "Istanbul TUR"]
[Date "2012.09.03"]
[Round "6.26"]
[Board "2"]
[White "Parligras, Mircea-Emilian"]
[Black "Vera Siguenas, Deivy"]
[Result "1-0"]
[WhiteTitle "GM"]
[BlackTitle "FM"]
[WhiteElo "2618"]
[BlackElo "2359"]
[WhiteTeam "Romania"]
[BlackTeam "Peru"]
[WhiteFideId "1204297"]
[BlackFideId "3804623"]
[EventDate "2012.08.28"]

1. d4 Nf6 2. c4 g6 3. Nc3 Bg7 4. Nf3 O-O 5. Bf4 d6 6. e3 Nfd7 7. h3 Nc6 8. Be2
e5 9. Bh2 f5 10. O-O Kh8 11. a3 e4 12. Nd2 Nf6 13. b4 Ne7 14. Rc1 Be6 15. d5 Bf7
16. Nb3 Nd7 17. Qd2 Ne5 18. Rfd1 g5 19. c5 dxc5 20. Nxc5 b6 21. Ne6 Bxe6 22.
dxe6 Qxd2 23. Rxd2 Rad8 24. Rxd8 Rxd8 25. Nb5 c6 26. Nxa7 Nd3 27. Rc2 Ne1 28.
Rxc6 Nxc6 29. Nxc6 Rc8 30. e7 g4 31. Nd8 1-0

[Event "40th Olympiad Open"]
[Site "Istanbul TUR"]
[Date "2012.09.03"]
[Round "6.26"]
[Board "4"]
[White "Vajda, Levente"]
[Black "Pacheco, Marco"]
[Result "1-0"]
[WhiteTitle "GM"]
[BlackTitle "FM"]
[WhiteElo "2612"]
[BlackElo "2383"]
[WhiteTeam "Romania"]
[BlackTeam "Peru"]
[WhiteFideId "1203975"]
[BlackFideId "3800989"]
[EventDate "2012.08.28"]

1. Nf3 Nf6 2. g3 d5 3. Bg2 c6 4. O-O Bg4 5. Ne5 Bh5 6. d4 e6 7. Nc3 Nbd7 8. h3
Nxe5 9. dxe5 Nd7 10. f4 Bc5+ 11. Kh2 f5 12. exf6 Nxf6 13. Qe1 O-O 14. e4 Bg6 15.
e5 Nd7 16. Qe2 a5 17. Nd1 Qb6 18. Nf2 Qa6 19. Nd3 Bd4 20. Qd1 Nc5 21. Nf2 Qc4
22. c3 Bxf2 23. Rxf2 Nd3 24. Rd2 Nxc1 25. Qxc1 b5 26. Qg1 Rfc8 27. Bf1 Qa4 28.
Qc5 b4 29. c4 Rd8 30. Rf2 Rac8 31. g4 Be4 32. f5 Rf8 33. f6 Rf7 34. g5 b3 35. a3
Rd8 36. Rd1 Rfd7 37. Rd4 1-0

[Event "40th Olympiad Open"]
[Site "Istanbul TUR"]
[Date "2012.09.03"]
[Round "6.27"]
[Board "2"]
[White "Miezis, Normunds"]
[Black "Latorre, Manuel"]
[Result "1-0"]
[WhiteTitle "GM"]
[BlackTitle "FM"]
[WhiteElo "2580"]
[BlackElo "2303"]
[WhiteTeam "Latvia"]
[BlackTeam "Paraguay"]
[WhiteFideId "11600136"]
[BlackFideId "3700844"]
[EventDate "2012.08.28"]

1. c4 e5 2. Nc3 Bb4 3. Nd5 Be7 4. d4 d6 5. g3 Nc6 6. dxe5 Nxe5 7. Bg2 Nf6 8.
Nxe7 Qxe7 9. b3 O-O 10. Nf3 Bf5 11. O-O Be4 12. Bb2 a5 13. Bh3 Rfd8 14. Nh4 a4
15. f3 Bg6 16. e4 Nc6 17. Re1 Nd7 18. f4 f6 19. Qd2 axb3 20. axb3 Rxa1 21. Bxa1
Nc5 22. Nxg6 hxg6 23. b4 Nxb4 24. Qxb4 Nd3 25. Qc3 Nxe1 26. Qxe1 Ra8 27. Bc3 Re8
28. Bg2 Qe6 29. Qe2 Ra8 30. Qd3 Kh7 31. f5 Qf7 32. e5 gxf5 33. Qxf5+ Qg6 34.
Qh3+ Qh6 35. Be4+ Kg8 36. Qxh6 gxh6 37. Bxb7 Ra3 38. exd6 cxd6 39. Bxf6 Kf7 40.
Bd4 Rd3 41. Bd5+ Kf8 42. Bf6 Rd2 43. h4 h5 44. g4 hxg4 45. h5 g3 46. h6 Rh2 47.
Bg7+ Ke7 48. Bg8 1-0

[Event "40th Olympiad Open"]
[Site "Istanbul TUR"]
[Date "2012.09.03"]
[Round "6.27"]
[Board "4"]
[White "Starostits, Ilmars"]
[Black "Jodorcovsky Werjivker, Paulo"]
[Result "1-0"]
[WhiteTitle "GM"]
[WhiteElo "2494"]
[BlackElo "2174"]
[WhiteTeam "Latvia"]
[BlackTeam "Paraguay"]
[WhiteFideId "11600748"]
[BlackFideId "3700305"]
[EventDate "2012.08.28"]

1. e4 c5 2. Nf3 e6 3. d4 cxd4 4. Nxd4 a6 5. Bd3 Nf6 6. O-O Qc7 7. Qe2 d6 8. c4
Nbd7 9. f4 g6 10. f5 e5 11. Nc2 Bg7 12. Nc3 gxf5 13. exf5 b6 14. Bg5 Bb7 15. Ne3
h6 16. Bh4 Rc8 17. Rad1 Rg8 18. Bc2 Bc6 19. Rf2 Bf8 20. b4 Be7 21. Bb3 Ba8 22.
Bg3 Kf8 23. Ncd5 Nxd5 24. cxd5 Bg5 25. f6 Rg6 26. Nf5 Bxf6 27. Qxa6 Bb7 28. Qb5
Be7 29. Rdf1 f6 30. Qd3 Qc3 31. Qe4 Rg5 32. Rc2 Rxf5 33. Qxf5 Qd4+ 34. Bf2 1-0

[Event "40th Olympiad Open"]
[Site "Istanbul TUR"]
[Date "2012.09.03"]
[Round "6.29"]
[Board "2"]
[White "Vasquez Schroeder, Rodrigo"]
[Black "Alavi, Sayed Javad"]
[Result "1/2-1/2"]
[WhiteTitle "GM"]
[BlackTitle "IM"]
[WhiteElo "2533"]
[BlackElo "2458"]
[WhiteTeam "Chile"]
[BlackTeam "Iran"]
[WhiteFideId "3400042"]
[BlackFideId "12500607"]
[EventDate "2012.08.28"]

1. d4 Nf6 2. Nf3 d5 3. c4 e6 4. Nc3 c5 5. cxd5 Nxd5 6. e3 Nc6 7. Bd3 Be7 8. O-O
cxd4 9. exd4 O-O 10. Re1 Bf6 11. Be4 Nce7 12. Qd3 g6 13. Bh6 Bg7 14. Bxg7 Kxg7
15. Rac1 Bd7 16. Bxd5 exd5 17. h3 Re8 18. Qd2 Bc6 19. Ne5 Rc8 20. Ne2 f6 21. Nf4
Qd6 22. Ne6+ Qxe6 23. Nxc6 Qd7 24. Nb4 Rxc1 25. Qxc1 Nf5 26. Rxe8 Qxe8 27. Qc7+
Qe7 28. Nxd5 Qxc7 29. Nxc7 Kf7 30. Nb5 Ke6 31. g4 Nd6 32. Nc3 b5 33. b4 f5 34.
f3 fxg4 35. fxg4 a6 36. Kf2 h6 37. Ke2 h5 38. Kf3 hxg4+ 39. hxg4 Nf7 40. Kf4 g5+
41. Kf3 Kd6 42. a3 Ke6 43. Ke4 Nd6+ 44. Kd3 Nf7 45. Nd1 Nd6 46. Nc3 Nf7 47. Ne4
Nh6 48. Nc5+ Kd6 49. Nxa6 Nxg4 50. Nc5 Nf6 51. a4 Kc6 52. axb5+ Kxb5 53. Ne4 Nd5
54. Nxg5 Nxb4+ 55. Ke4 Kc6 56. Nf7 Kd7 57. Ne5+ Kd6 1/2-1/2

[Event "40th Olympiad Open"]
[Site "Istanbul TUR"]
[Date "2012.09.03"]
[Round "6.29"]
[Board "3"]
[White "Idani, Pouya"]
[Black "Salinas Herrera, Pablo"]
[Result "1/2-1/2"]
[WhiteTitle "IM"]
[BlackTitle "FM"]
[WhiteElo "2477"]
[BlackElo "2417"]
[WhiteTeam "Iran"]
[BlackTeam "Chile"]
[WhiteFideId "12510130"]
[BlackFideId "3407128"]
[EventDate "2012.08.28"]

1. e4 c5 2. Nf3 d6 3. d4 cxd4 4. Nxd4 Nf6 5. Nc3 a6 6. Be3 e6 7. f3 b5 8. Qd2 b4
9. Na4 Nbd7 10. c4 bxc3 11. Nxc3 Bb7 12. Be2 Be7 13. O-O O-O 14. Rab1 d5 15.
exd5 Nxd5 16. Nxd5 Bxd5 17. b4 Ne5 18. Rfc1 Qd7 19. Nb3 Rfd8 20. Nc5 Qd6 21. a4
Nd7 22. Nxd7 Qxd7 23. b5 axb5 24. Bxb5 Qd6 25. Qf2 Rdb8 26. Bc5 Qd8 27. Bxe7
Qxe7 28. Rb2 Qf6 29. Rbc2 g6 30. Qe3 Qh4 31. Qe5 Rd8 32. Rc7 Qh6 33. Qc3 Qf4 34.
Ra1 h5 35. a5 h4 36. Ra4 Qh6 37. h3 Rdb8 38. Qf6 Qg7 39. Qxg7+ Kxg7 40. Bf1 Rb1
41. a6 g5 42. Kf2 Kf6 43. Bd3 Rb2+ 44. Rc2 Rb6 45. f4 gxf4 46. Rxf4+ Ke5 47.
Rxf7 Rg8 48. Kg1 Rb3 49. Re2+ Kd4 50. Bh7 Ra8 51. Rf4+ Kc5 52. Rxh4 Rxa6 53. Rg4
Ra1+ 54. Kh2 Rc3 55. Bg8 Ra2 56. Rxa2 Bxa2 57. h4 Kd6 58. h5 Rc5 59. Rh4 Rc8 60.
Bh7 Bd5 61. g4 Ke5 62. Kg3 Rc3+ 63. Kf2 Kf4 64. h6 Kg5 65. Bg8 Be4 66. h7 Bxh7
67. Rxh7 Kxg4 68. Bxe6+ Kf4 69. Rh4+ Ke5 70. Bc4 Ra3 71. Ke2 Rg3 72. Bd3 Kd5 73.
Kd2 Ke5 74. Kc3 Rg7 75. Rh5+ Kf4 76. Rf5+ Ke3 77. Re5+ Kf4 78. Rc5 Ke3 79. Bc4
Ke4 80. Rc8 Ke5 81. Re8+ Kd6 82. Kb4 Re7 83. Rh8 Ke5 84. Kc3 Ke4 85. Rh1 Rd7 86.
Rh4+ Ke5 87. Kb4 Rb7+ 88. Kc5 Rc7+ 89. Kb5 Rc8 90. Kb6 Kd6 91. Bb5 Rb8+ 92. Ka5
Kc5 93. Rc4+ Kd5 94. Kb4 Rb6 95. Rc5+ Kd4 96. Rc1 Rd6 97. Bc6 Ke3 98. Kc5 Rd2
99. Bd5 Kd3 100. Kd6 Kd4 101. Rh1 Kc3 102. Kc5 Rd3 103. Ra1 Kd2 1/2-1/2

[Event "40th Olympiad Open"]
[Site "Istanbul TUR"]
[Date "2012.09.03"]
[Round "6.29"]
[Board "4"]
[White "Valdes Escobar, Alvaro"]
[Black "Golizadeh, Asghar"]
[Result "1/2-1/2"]
[WhiteTitle "IM"]
[BlackTitle "GM"]
[WhiteElo "2402"]
[BlackElo "2472"]
[WhiteTeam "Chile"]
[BlackTeam "Iran"]
[WhiteFideId "3405451"]
[BlackFideId "12505269"]
[EventDate "2012.08.28"]

1. Nf3 c5 2. c4 Nc6 3. d4 cxd4 4. Nxd4 Nf6 5. Nc3 e6 6. a3 Bc5 7. e3 d5 8. Nf3
a6 9. Be2 O-O 10. b4 Ba7 11. Bb2 dxc4 12. Qxd8 Rxd8 13. Bxc4 b5 14. Bb3 Bb6 15.
Rc1 Bd7 16. O-O a5 17. Nxb5 axb4 18. axb4 Nxb4 19. Bc4 Nbd5 20. Bd4 Rab8 21.
Bxb6 Nxb6 22. Nbd4 Nxc4 23. Rxc4 Bb5 24. Nxb5 Rxb5 25. Rfc1 h6 26. h3 Rbd5 27.
g3 g6 28. Kg2 Kg7 29. Rd4 Rxd4 30. Nxd4 Rd7 31. Rc2 Nd5 32. h4 Ra7 33. Rd2 Nb4
34. Rb2 Nd3 35. Rd2 Ne5 36. Nf3 Nc4 37. Rd4 Rc7 38. Nd2 Nb6 39. Nf3 Nd5 40. Rd2
Rc3 41. Rd4 Ra3 42. Rd2 Nb4 43. Rd7 Ra5 44. Nd2 1/2-1/2

[Event "40th Olympiad Open"]
[Site "Istanbul TUR"]
[Date "2012.09.03"]
[Round "6.30"]
[Board "1"]
[White "Rahman, Ziaur"]
[Black "Amanov, Mesgen"]
[Result "0-1"]
[WhiteTitle "GM"]
[BlackTitle "GM"]
[WhiteElo "2516"]
[BlackElo "2516"]
[WhiteTeam "Bangladesh"]
[BlackTeam "Turkmenistan"]
[WhiteFideId "10200037"]
[BlackFideId "14000652"]
[EventDate "2012.08.28"]

1. c4 Nf6 2. g3 c6 3. Bg2 d5 4. Nf3 Bg4 5. Ne5 Be6 6. cxd5 Bxd5 7. Nf3 c5 8. Nc3
Bc6 9. O-O e6 10. d3 Be7 11. e4 O-O 12. Qe2 b5 13. a4 b4 14. Nb1 Bb7 15. Nbd2
Nc6 16. Nc4 Nd7 17. Bf4 Nb6 18. Rfd1 Nxc4 19. dxc4 Qc8 20. h4 Rd8 21. Qe3 Ba6
22. b3 Rxd1+ 23. Rxd1 Qf8 24. e5 Rd8 25. Rxd8 Qxd8 26. Nd2 Bb7 27. Bg5 h6 28.
Bxe7 Qxe7 29. Nf3 Na5 30. Kh2 Nc6 31. Qd3 Qd8 32. Ne1 Qc8 33. Bxc6 Bxc6 34. f3
Ba8 35. Qd6 g6 36. Kg2 h5 37. Kf2 Kg7 38. Ke2 Kg8 39. Qe7 Bb7 40. Ke3 Kg7 41.
Kf4 Kg8 42. Kg5 Ba8 43. a5 Bb7 44. Kf6 Qf8 45. Qxb7 Qg7+ 0-1

[Event "40th Olympiad Open"]
[Site "Istanbul TUR"]
[Date "2012.09.03"]
[Round "6.30"]
[Board "2"]
[White "Annaberdiev, Meilis"]
[Black "Abdulla, Al-Rakib"]
[Result "1-0"]
[WhiteTitle "IM"]
[BlackTitle "GM"]
[WhiteElo "2437"]
[BlackElo "2514"]
[WhiteTeam "Turkmenistan"]
[BlackTeam "Bangladesh"]
[WhiteFideId "14000563"]
[BlackFideId "10200444"]
[EventDate "2012.08.28"]

1. c4 e5 2. g3 Nf6 3. Bg2 Nc6 4. Nf3 Bc5 5. O-O d6 6. d3 h6 7. a3 a6 8. b4 Ba7
9. Bb2 O-O 10. Nbd2 Bg4 11. h3 Be6 12. e3 Qd7 13. Kh2 Rfe8 14. Qc2 Rac8 15. Rad1
Bf5 16. Qc3 Nd8 17. Nb3 c6 18. c5 Bb8 19. cxd6 Bxd6 20. Nc5 Qe7 21. e4 Bh7 22.
Nd2 Ne6 23. Nc4 Bxc5 24. bxc5 Nxc5 25. Qxe5 Rcd8 26. Qxe7 Rxe7 27. e5 Nd5 28. d4
Bd3 29. dxc5 Bxc4 30. Rfe1 Red7 31. h4 Nc7 32. Rd6 Be6 33. Red1 Nb5 34. Rxd7
Rxd7 35. Rxd7 Bxd7 36. Bf3 Nc7 37. Bc1 Kf8 38. g4 Ne6 39. Be3 Ke7 40. Be2 f6 41.
exf6+ Kxf6 42. f4 Kf7 43. Bc4 Ke7 44. Kg3 Nc7 45. Bd4 Be6 46. Bd3 Kf7 47. f5 Bd5
48. Kf4 Ne8 49. g5 hxg5+ 50. hxg5 Kf8 51. Be5 Kf7 52. Ke3 Kf8 53. Kd4 Kf7 54.
Kc3 1-0

[Event "40th Olympiad Open"]
[Site "Istanbul TUR"]
[Date "2012.09.03"]
[Round "6.30"]
[Board "3"]
[White "Hossain, Enamul"]
[Black "Atabayev, Maksat"]
[Result "0-1"]
[WhiteTitle "GM"]
[BlackTitle "FM"]
[WhiteElo "2480"]
[BlackElo "2402"]
[WhiteTeam "Bangladesh"]
[BlackTeam "Turkmenistan"]
[WhiteFideId "10200649"]
[BlackFideId "14001101"]
[EventDate "2012.08.28"]

1. e4 c5 2. Nf3 d6 3. c3 Nf6 4. Be2 Nbd7 5. d3 b6 6. Nbd2 Bb7 7. O-O g6 8. Re1
Bg7 9. Bf1 O-O 10. d4 Qc7 11. d5 Ne5 12. Nxe5 dxe5 13. a4 Ne8 14. b4 Nd6 15. Ba3
cxb4 16. cxb4 f5 17. b5 Qd7 18. f3 Rac8 19. Qb3 Kh8 20. Rad1 Rcd8 21. Bb4 Bf6
22. Nc4 fxe4 23. Nxd6 exd6 24. Rxe4 Bg5 25. Qa3 Rf6 26. a5 Qf7 27. Bc4 Bc8 28.
Be2 Bb7 29. Bc4 Bc8 30. Bf1 Bb7 31. axb6 axb6 32. Qa7 Bxd5 33. Qxb6 Rd7 34. Re2
Kg7 35. Qf2 Rf4 36. Bd2 Rd4 37. Rc1 Bh4 38. Qe3 Be7 39. Qh6+ Kg8 40. Qe3 Bc4 41.
Ree1 Bxf1 42. Rxf1 Qd5 43. Rcd1 Qxb5 44. f4 Qc5 45. Kh1 Qd5 46. f5 Bf8 47. fxg6
hxg6 48. Qg5 Rf7 49. Rc1 Qe6 50. Be3 Rg4 51. Qd8 Qd5 52. Rg1 Kg7 53. Rc7 Rxc7
54. Qxc7+ Kg8 55. Qc8 Rc4 56. Qd8 Qf7 57. Bh6 Rc2 58. h3 Rf2 59. Bxf8 Qxf8 60.
Qc7 Kh8 61. Kh2 Qf4+ 62. Kh1 e4 63. Qd8+ Kh7 64. Qe7+ Kh6 65. Qe8 e3 66. Qh8+
Kg5 67. Qd8+ Qf6 68. Qd7 e2 69. Qg4+ Kh6 70. Qg3 Qd4 71. Kh2 Rf1 0-1

[Event "40th Olympiad Open"]
[Site "Istanbul TUR"]
[Date "2012.09.03"]
[Round "6.30"]
[Board "4"]
[White "Atabayev, Yusup"]
[Black "Reefat, Bin-Sattar"]
[Result "1/2-1/2"]
[WhiteTitle "FM"]
[BlackTitle "GM"]
[WhiteElo "2411"]
[BlackElo "2448"]
[WhiteTeam "Turkmenistan"]
[BlackTeam "Bangladesh"]
[WhiteFideId "14001128"]
[BlackFideId "10200207"]
[EventDate "2012.08.28"]

1. e4 e6 2. d4 d5 3. Nc3 Nf6 4. Bg5 dxe4 5. Nxe4 Be7 6. Nxf6+ Bxf6 7. Bxf6 Qxf6
8. Nf3 c5 9. c3 cxd4 10. Bb5+ Bd7 11. Bxd7+ Nxd7 12. Qxd4 Qxd4 13. Nxd4 Ke7 14.
O-O-O Rac8 15. Rhe1 g6 16. f4 Rc5 17. Kc2 Rhc8 18. Rd3 Nf6 19. g3 R8c7 20. b4
Rh5 21. h4 a6 22. a4 Rd5 23. a5 h6 24. Kb3 Rcd7 25. Red1 Ke8 26. c4 R5d6 27. c5
Rd5 28. Kc4 Ng4 29. Nc2 Nf6 30. Ne3 Rxd3 31. Rxd3 Ne4 32. Rxd7 Kxd7 33. Ng4 Nxg3
34. Nxh6 f6 35. Ng4 Nh5 36. b5 axb5+ 37. Kxb5 Kc7 38. c6 f5 39. Ne5 Nxf4 40.
cxb7 Kxb7 41. a6+ Ka7 42. Nc6+ Ka8 43. Ne5 Ka7 44. Nc6+ Ka8 45. Ne5 1/2-1/2